Największe Miasta Obwodu Amurskiego - Statystyki

Ogólne statystyki
  • Ten quiz został rozwiązany 3 razy
  • Średni wynik to 5 z 10
Statystyki odpowiedzi
L.p. Populacja Miasto % Poprawnych
1 214 390 Błagowieszczeńsk
100%
2 68 249 Biełogorsk
67%
3 58 778 Swobodny
67%
7 19 815 Szymanowsk
67%
8 11 481 Zawitinsk
67%
10 10 897 Magdagaczi
33%
9 11 156 Progriess
33%
6 20 534 Rajczichinsk
33%
4 36 275 Tynda
33%
5 24 986 Zieja
33%
Nie znaleziono quizów pasujących do podanych kryteriów
Rozkład punktacji
Procent ludzi z każdym wynikiem
Percentyl według liczby udzielonych odpowiedzi
Twoja historia wyników
Nie rozwiązałeś tego quizu